[Event "Olympiad Women-44"]
[Site "Chennai"]
[Date "2022.08.05"]
[Round "7.4"]
[White "Neupane, Anisha"]
[Black "Cabral, Sylvi"]
[Result "1-0"]
[WhiteElo "1488"]
[BlackElo "1100"]
[PlyCount "71"]
[EventDate "2022.07.29"]
[EventType "team-swiss"]
[EventRounds "11"]
[EventCountry "IND"]
[SourceTitle "CBM 210"]
[Source "ChessBase"]
[SourceDate "2022.10.31"]
[SourceVersion "1"]
[SourceVersionDate "2022.10.31"]
[SourceQuality "1"]
[WhiteTeam "Nepal (W)"]
[BlackTeam "Aruba (W)"]
[WhiteTeamCountry "NEP"]
[BlackTeamCountry "ARN"]

1. e4 e5 2. Nf3 d5 3. exd5 e4 4. Ne5 Qxd5 5. d4 exd3 6. Nxd3 Bd6 7. Nc3 Qe6+ 8. Be2 Nf6 9. Bg5 Nc6 10. Qd2 Bd7 11. 0-0-0 0-0-0 12. Kb1 h6 13. Bf4 Rhe8 14. Rhe1 Bxf4 15. Qxf4 Nd5 16. Nxd5 Qxd5 17. Bf3 Qa5 18. a3 Qb6 19. Qxf7 g5 20. Rxe8 Rxe8 21. Bg4 Qd4 22. Qxe8+ Nd8 23. Bxd7+ Qxd7 24. Qxd7+ Kxd7 25. Ne5+ Ke8 26. Ng4 Nf7 27. g3 b6 28. Re1+ Kf8 29. Re6 Kg7 30. Re7 Kg6 31. Rxc7 a5 32. Rc6+ Kg7 33. Rxb6 Kh7 34. Ra6 Kg7 35. Rxa5 Kg8 36. c4 1-0

[Event "Online Olym Div4 A"]
[Site "Chess.com INT"]
[Date "2021.08.22"]
[Round "11.2"]
[White "Neupane, Anisha"]
[Black "Estur, Grace Co"]
[Result "0-1"]
[WhiteElo "1459"]
[BlackElo "1472"]
[PlyCount "104"]
[EventDate "2021.08.20"]
[EventType "team (rapid)"]
[EventRounds "11"]
[EventCountry "USA"]
[SourceTitle "CBM 203 Extra"]
[Source "ChessBase"]
[SourceDate "2021.09.30"]
[SourceVersion "1"]
[SourceVersionDate "2021.09.30"]
[SourceQuality "1"]
[WhiteTeam "Nepal"]
[BlackTeam "Guam"]
[WhiteTeamCountry "NEP"]
[BlackTeamCountry "GMA"]

1. e4 Nc6 2. Nf3 d6 3. d4 Bg4 4. Be3 e5 5. dxe5 Nxe5 6. Be2 Nxf3+ 7. Bxf3 Be6 8. Nc3 g6 9. Qd2 Qd7 10. 0-0-0 Bg7 11. Kb1 Ne7 12. Bd4 f6 13. Rhe1 0-0 14. h4 c5 15. Be3 Rad8 16. Bf4 Nc8 17. Qe2 Qf7 18. a3 Rfe8 19. Nb5 Bc4 20. Qe3 Bxb5 21. g4 b6 22. Qc1 Bc6 23. Bg2 Bf8 24. f3 Qe6 25. g5 Ne7 26. gxf6 Qxf6 27. Bg5 Qe5 28. Rh1 Bg7 29. h5 b5 30. hxg6 Nxg6 31. Bxd8 Rxd8 32. Rh3 Nf4 33. Rg3 Ne2 34. Rg5 Nxc1 35. Rxe5 Bxe5 36. Kxc1 Kf7 37. Bh3 Kf6 38. Bf5 Bf4+ 39. Kb1 h5 40. Rh1 Rh8 41. Rg1 Rh6 42. Rg8 d5 43. Rf8+ Ke5 44. Re8+ Kd4 45. Re7 dxe4 46. fxe4 Bd6 47. Rxa7 h4 48. c3+ Ke3 49. Ra6 Bxe4+ 50. Bxe4 Kxe4 51. Rb6 h3 52. Rxb5 h2 0-1